Application communication

সংরক্ষণ করুন:
গ্রন্থ-পঞ্জীর বিবরন
প্রধান লেখক: Payne, James
বিন্যাস: গ্রন্থ
ভাষা:English
প্রকাশিত: Mcgraw Hill 1999
বিষয়গুলি:
ট্যাগগুলো: ট্যাগ যুক্ত করুন
কোনো ট্যাগ নেই, প্রথমজন হিসাবে ট্যাগ করুন!
Thư viện lưu trữ: Mạng thư viện Đại học Đà Nẵng
LEADER 00890nam a22002531a 4500
001 000034585
003 10788
005 20151027133638.0
008 151027s1999 000 eng
041 |a eng 
082 |a 420.302  |b PA-J 
100 |a Payne, James 
245 |a Application communication  |c James Payne 
260 |a Mcgraw Hill  |c 1999 
300 |a 650p. : ill ; 25cm 
650 |a Application communication, Application, computer, James Payne, 1999 
OWN |a LNN 
AVA |a UDN50  |b LNN  |c English  |d 420.302 PA-J  |e available  |t Error 5001 Not defined in file expand_doc_bib_avail.  |f 1  |g 0  |h N  |i 0  |j AN  |k 1 
999 |a From the UDN01 
AVA |a UDN50  |b LNN  |c English  |d 420.302 PA-J  |e available  |t Error 5001 Not defined in file expand_doc_bib_avail.  |f 1  |g 0  |h N  |i 0  |j AN  |k 1 
TYP |a Monograph 
980 |a Mạng thư viện Đại học Đà Nẵng